|
|
|
|
| LEADER |
00789pam a22002418a 4500 |
| 001 |
00040711 |
| 005 |
20190326100327.0 |
| 008 |
161209s2014 ||||||Chisd |
| 020 |
# |
# |
|c 74000
|
| 041 |
0 |
# |
|a Vie
|
| 082 |
1 |
4 |
|a 959.703
|b C514KH
|
| 100 |
1 |
# |
|a Nguyễn, Quang Thắng
|
| 245 |
1 |
0 |
|a Cuộc khởi nghĩa Duy Tân 1916
|c Nguyễn Quang Thắng
|
| 260 |
# |
# |
|b Tổng hợp Tp Hồ Chí Minh
|c 2016
|a Tp Hồ Chí Minh
|
| 300 |
# |
# |
|a 250 tr.
|c 21 cm.
|
| 653 |
# |
# |
|a Khởi nghĩa duy tân
|
| 653 |
# |
# |
|a Lịch sử
|
| 653 |
# |
# |
|a Nhân vật
|
| 653 |
# |
# |
|a Sự kiện
|
| 653 |
# |
# |
|a Việt Nam
|
| 852 |
# |
# |
|j KD.0022519
|
| 910 |
# |
# |
|d 12/01/2018
|e ltkchi
|f 26/03/2019
|
| 980 |
# |
# |
|a Trung tâm Học liệu Lê Vũ Hùng, Trường Đại học Đồng Tháp
|